00231nam a2200097Ia 4500008004100000100002100041245003000062260002400092300000900116650000800125191201s2012 xx 000 0 und d aSRIVASTAVA, T.N. 0aStatistics for Management aN. DelhibTMHc2012 amisc aBBA